[Mohyla Milana Rastislava Štefánika na Bradle]

Zobrazenie: Mohyla Milana Rastislava Štefánika na Bradle na perokresbe od Jaroslava Hlaváča.

Bibliographic Details
Format: Photo
Language:Slovak
PhysicalDescription:1 tlač v hnedom tóne 18 x 23 cm
Published: [S.l. s.n. s.a.]
Subjects:

MARC

LEADER 00000nkmaa2200000 a 4500
001 vtls011860696
003 SK-MaSNL
005 20260301225346.0
007 kf ao
008 230802n xo | |||0 k|slo
035 |a urn:nbn:sk:snk-km00eiuh 
035 |a urn:nbn:sk:snk-km45wmq 
035 |a 60ABC534-87A7-4345-9920-0E0CB7847A1A 
040 |a SNKLA  |b slo  |c SNKLA  |e AACR2 
041 0 |a slo 
044 |a xo  |c SK 
245 0 0 |a [Mohyla Milana Rastislava Štefánika na Bradle]  |h grafika 
260 |a [S.l.  |b s.n.  |c s.a.] 
300 |a 1 tlač  |b v hnedom tóne  |c 18 x 23 cm 
500 |a Kresba je vytlačená na papieri s rozmermi 30 x 42 cm. 
520 2 |a Zobrazenie: Mohyla Milana Rastislava Štefánika na Bradle na perokresbe od Jaroslava Hlaváča. 
600 1 7 |a Štefánik, Milan Rastislav,  |d 1880-1919  |2 SNKMA  |9 86219 
650 0 7 |a mohyly  |2 SNKPH  |9 27573 
650 0 7 |a náhrobné kamene  |2 SNKPH  |9 50274 
650 0 7 |a Mohyla M. R. Štefánika (Brezová pod Bradlom, Slovensko)  |2 SNKPH  |9 85820 
651 7 |a Brezová pod Bradlom (Slovensko)  |2 SNKPH  |9 65473 
651 7 |a Bradlo (Myjavská pahorkatina, Slovensko : vrch)  |2 SNKPH  |9 212183 
655 7 |a reprodukcie umeleckých diel  |2 SNKPH  |9 70730 
700 1 |a Hlaváč, Jaroslav  |4 art  |9 345327 
852 7 |a Slovenská národná knižnica  |b Literárny archív 
958 |a ZO 
958 |a BLA 
999 |c 950595  |d 952525 
952 |a SNKLA  |b SNKLA  |c SNKLA_DEP  |y NEVYP  |7 0  |p 17A1308622  |o snkSŠ 51/189  |i snkLA 2637/1969  |0 0  |1 0  |4 0  |d 2019-04-09  |f 1  |l 0  |r 2026-02-24 09:47:02  |w 2026-02-24